[Event "CN Juniori 2013 - B18"]
[Site "Calimanesti-Caciulata"]
[Date "2013.04.05"]
[Round "5.5"]
[White "Dobre, Mihai"]
[Black "Lupascu, Matei Alexandru"]
[Result "1-0"]
[WhiteElo "2007"]
[BlackElo "2058"]
[PlyCount "87"]
[EventDate "2013.04.02"]
[EventRounds "9"]

1. e4 c5 2. Nf3 e6 3. d4 cxd4 4. Nxd4 a6 5. Bd3 Nf6 6. O-O Qc7 7. Qe2 d6 8. c4
g6 9. f4 Bg7 10. Nc3 O-O 11. Kh1 Nc6 12. Nb3 b6 13. Be3 Bb7 14. Rac1 Nd7 15.
Qf2 Nc5 16. Bb1 Rfd8 17. Rfd1 Rac8 18. Rd2 Qb8 19. Rcd1 Bf8 20. Nd4 Qa8 21. b3
Be7 22. Nde2 Qb8 23. h3 Ba8 24. f5 b5 25. cxb5 axb5 26. Nf4 b4 27. Nce2 Rf8 28.
Qg3 exf5 29. exf5 Ne5 30. Nd5 Bxd5 31. Rxd5 Kh8 32. Bd4 Bf6 33. Nf4 gxf5 34.
Bxf5 Rg8 35. Qf2 Rce8 36. Nh5 Bd8 37. Bb1 Qc7 38. Nf6 Bxf6 39. Qxf6+ Rg7 40.
Rxd6 Ncd7 41. Qh6 Qb7 42. Rd2 f6 43. Bxe5 fxe5 44. Qxg7+ 1-0

[Event "CN Juniori 2013 - B18"]
[Site "Calimanesti-Caciulata"]
[Date "2013.04.05"]
[Round "6.7"]
[White "Lupascu, Matei Alexandru"]
[Black "Bacila, Mihai"]
[Result "1-0"]
[WhiteElo "2058"]
[BlackElo "1668"]
[PlyCount "45"]
[EventDate "2013.04.02"]
[EventRounds "9"]

1. d4 d6 2. c4 e5 3. Nf3 e4 4. Nfd2 f5 5. e3 Nf6 6. Nc3 g6 7. b3 Bg7 8. Bb2 O-O
9. Be2 Be6 10. Rc1 Nbd7 11. O-O c6 12. Ba3 c5 13. Qc2 Qe7 14. Rfd1 a6 15. Nf1
g5 16. f3 exf3 17. Bxf3 g4 18. Bxb7 Rab8 19. Bc6 g3 20. hxg3 Ng4 21. dxc5 Nxc5
22. Nd5 Bxd5 23. Bxd5+ 1-0

[Event "CN Juniori 2013 - B18"]
[Site "Calimanesti-Caciulata"]
[Date "2013.04.04"]
[Round "4.3"]
[White "Lupascu, Matei Alexandru"]
[Black "Dicu, Razvan Stefan"]
[Result "0-1"]
[WhiteElo "2058"]
[BlackElo "2241"]
[PlyCount "102"]
[EventDate "2013.04.02"]
[EventRounds "9"]

1. d4 e6 2. c4 Nf6 3. Nf3 b6 4. Nc3 Bb7 5. Bg5 Bb4 6. e3 h6 7. Bh4 g5 8. Bg3
Ne4 9. Qc2 Bxc3+ 10. bxc3 d6 11. Nd2 Nxd2 12. Qxd2 Nd7 13. f3 Qe7 14. Bd3 f5
15. h3 O-O-O 16. a4 a5 17. Kd1 Rhf8 18. Kc2 e5 19. d5 Nc5 20. e4 fxe4 21. fxe4
Qe8 22. h4 Nxa4 23. hxg5 hxg5 24. Qxg5 Rg8 25. Qe3 Nc5 26. Bf2 Qd7 27. Rh2 Rdf8
28. g3 Qg4 29. Rh4 Qf3 30. Qxf3 Rxf3 31. Bxc5 dxc5 32. g4 Rf2+ 33. Kb3 Rd2 34.
Bf1 Rf8 35. g5 Rg8 36. Bh3+ Kb8 37. Rg1 Ba6 38. Bf1 Rf8 39. Rg2 Rxg2 40. Bxg2
Rf2 41. Rh8+ Kb7 42. Bf1 Rxf1 43. Kc2 Bxc4 44. Re8 a4 45. Rxe5 a3 46. Rf5 Rxf5
47. exf5 Bxd5 48. g6 Be4+ 49. Kb3 Bxf5 50. g7 Be6+ 51. Kxa3 Kc6 0-1

[Event "CN Juniori 2013 - B18"]
[Site "Calimanesti-Caciulata"]
[Date "2013.04.03"]
[Round "3.4"]
[White "Cosmulescu, Alexandru-Paul"]
[Black "Lupascu, Matei Alexandru"]
[Result "0-1"]
[WhiteElo "1944"]
[BlackElo "2058"]
[PlyCount "94"]
[EventDate "2013.04.02"]
[EventRounds "9"]

1. d4 Nf6 2. c4 g6 3. Nc3 Bg7 4. e4 d6 5. Be2 O-O 6. Nf3 a5 7. O-O e5 8. Bg5
Qe8 9. d5 Na6 10. Nd2 Nd7 11. b3 f6 12. Bh4 Bh6 13. Re1 Qf7 14. g4 Bf4 15. Kh1
Kh8 16. Bg3 f5 17. gxf5 gxf5 18. Bh5 Qg7 19. exf5 Nf6 20. Bxf4 exf4 21. Rg1 Qh6
22. Bf3 Nc5 23. Nde4 Ncxe4 24. Nxe4 Bxf5 25. Qd4 Rae8 26. Rae1 Bxe4 27. Rxe4
Rxe4 28. Bxe4 Rg8 29. Bf3 Rxg1+ 30. Kxg1 Qg5+ 31. Kf1 b6 32. a3 Kg8 33. b4 axb4
34. axb4 Nd7 35. Qc3 Qf5 36. Kg2 Ne5 37. h3 Kf7 38. Kh2 h6 39. Bg4 Nxg4+ 40.
hxg4 Qxg4 41. Qh8 Qh4+ 42. Kg1 Qg5+ 43. Kf1 f3 44. Qh7+ Kf6 45. Qh8+ Kf5 46.
Qh7+ Ke5 47. Qh8+ Ke4 0-1

[Event "CN Juniori 2013 - B18"]
[Site "Calimanesti-Caciulata"]
[Date "2013.04.03"]
[Round "2.2"]
[White "Lupascu, Matei Alexandru"]
[Black "Manole, Stefan"]
[Result "0-1"]
[WhiteElo "2058"]
[BlackElo "2147"]
[PlyCount "82"]
[EventDate "2013.04.02"]
[EventRounds "9"]

1. d4 Nc6 2. Nf3 d5 3. e3 Bg4 4. Nbd2 Nf6 5. c4 e6 6. Qa4 Qd7 7. cxd5 Nxd5 8.
Bb5 Bd6 9. Nc4 Nb6 10. Nxd6+ cxd6 11. Qb3 O-O 12. Bd2 Rfc8 13. O-O Bxf3 14.
gxf3 Qe7 15. Rad1 d5 16. Rc1 Qg5+ 17. Kh1 Nxd4 18. exd4 Qxd2 19. Rcd1 Qf4 20.
Rg1 Rc7 21. Rg4 Qf6 22. Rdg1 g6 23. Qe3 Nc4 24. Bxc4 Rxc4 25. R1g3 Rac8 26. Rh3
Rc1+ 27. Kg2 Rb1 28. Qh6 Qg7 29. Rgh4 Rcc1 30. f4 Qxh6 31. Rxh6 Rxb2 32. Rxh7
Rxa2 33. f5 exf5 34. Rh8+ Kg7 35. R3h7+ Kf6 36. Rd8 Rcc2 37. Rd7 Rxf2+ 38. Kg3
Rg2+ 39. Kf3 Rxh2 40. Rhxf7+ Kg5 41. Rxd5 Ra3# 0-1

[Event "CN Juniori 2013 - B18"]
[Site "Calimanesti-Caciulata"]
[Date "2013.04.02"]
[Round "1.7"]
[White "Nagy, Raul-Sebastian"]
[Black "Lupascu, Matei Alexandru"]
[Result "0-1"]
[WhiteElo "1682"]
[BlackElo "2058"]
[PlyCount "106"]
[EventDate "2013.04.02"]
[EventRounds "9"]

1. e4 c5 2. Nf3 e6 3. d4 cxd4 4. Nxd4 a6 5. Nc3 Qc7 6. Be2 Nf6 7. Qd3 b5 8. Bf3
Bb7 9. O-O Nc6 10. Re1 Ne5 11. Qd1 Bc5 12. Nb3 Bb6 13. Bf4 d6 14. Be2 O-O 15.
Bd3 Rfd8 16. Bg5 Qe7 17. Qe2 h6 18. Bh4 Rac8 19. Kh1 Ng6 20. Bg3 Bc6 21. f4 Nd7
22. Qg4 Nf6 23. Qh3 e5 24. f5 Nf8 25. Bh4 N8d7 26. g4 Qe8 27. g5 hxg5 28. Bxg5
b4 29. Nd5 Nxd5 30. exd5 Bxd5+ 31. Be4 Bxe4+ 32. Rxe4 f6 33. Rh4 Nf8 34. Bxf6
Qc6+ 35. Qg2 Qxg2+ 36. Kxg2 Rxc2+ 37. Kh3 gxf6 38. Rxb4 Nd7 39. Rd1 Kf7 40.
Rxd6 Rh8+ 41. Kg4 Rg2+ 42. Kf3 Rf2+ 43. Ke4 Rh4+ 44. Kd5 Rxb4 45. Rxd7+ Kg8 46.
Ke6 Bd4 47. Kxf6 Rb6+ 48. Kg5 Rg2+ 49. Kh5 Be3 50. Rd8+ Kf7 51. Rd7+ Ke8 52.
Rh7 Rxh2+ 53. Kg4 Rxh7 0-1

[Event "Romanian Championship"]
[Site "?"]
[Date "2013.02.24"]
[Round "?"]
[White "Lupascu, Matei Alexandru"]
[Black "Miroiu, George Catalin"]
[Result "0-1"]
[WhiteElo "2004"]
[BlackElo "2314"]
[PlyCount "63"]
[EventDate "2013.??.??"]

1. d4 c5 2. d5 e5 3. c4 d6 4. Nc3 g6 5. e4 Bg7 6. Bd3 Nf6 7. Nge2 Nh5 8. O-O
O-O 9. Rb1 Nd7 10. Be3 f5 11. f3 f4 12. Bf2 g5 13. Nb5 Rf6 14. b4 Rg6 15. Nc1
b6 16. bxc5 Nxc5 17. Be2 Nf6 18. Nd3 g4 19. Nb4 gxf3 20. Bxf3 Nfxe4 21. Nc6 Qd7
22. Bh4 Bf6 23. Bxf6 Nxf6 24. Kh1 Ba6 25. Re1 Bxb5 26. cxb5 Kh8 27. Bh5 Rg5 28.
Be2 Qd8 29. Bf1 Nce4 30. Qc2 Ng3+ 31. Kg1 Nxf1 32. Rxf1 0-1

[Event "Campionatul National individual  de sen"]
[Site "Olanesti"]
[Date "2013.02.23"]
[Round "10.24"]
[White "Martian, Dragos Daniel"]
[Black "Lupascu, Matei Alexandru"]
[Result "0-1"]
[WhiteElo "2145"]
[BlackElo "2004"]
[PlyCount "97"]
[EventDate "2013.02.16"]
[EventRounds "9"]

1. e4 c5 2. c3 d5 3. exd5 Qxd5 4. d4 g6 5. Nf3 Bg7 6. Na3 cxd4 7. Bc4 Qe4+ 8.
Be3 Nh6 9. Nb5 O-O 10. cxd4 Na6 11. O-O Bg4 12. Nc3 Bxf3 13. Nxe4 Bxd1 14. Bxa6
bxa6 15. Rfxd1 Nf5 16. Rac1 Rfd8 17. Rc4 Rac8 18. Rxc8 Rxc8 19. Nc3 Rb8 20. Rd2
Rb4 21. Ne2 h5 22. Kf1 Bf6 23. g3 Kh7 24. h3 e6 25. Ke1 g5 26. Kd1 g4 27. h4
Bg7 28. Kc2 Nxe3+ 29. fxe3 Bh6 30. Kd3 Rb5 31. Rc2 Kg7 32. b3 a5 33. Rc4 a6 34.
Rc5 Kf6 35. Ke4 Ke7 36. Rc7+ Kf6 37. Rc5 Ke7 38. Kd3 Kd6 39. Nc3 Rxc5 40. Ne4+
Kc6 41. Nxc5 Bf8 42. Ne4 Be7 43. Kc4 Bd8 44. Kd3 Bc7 45. Nf6 Bxg3 46. Nxh5 Bxh4
47. e4 Kb5 48. Nf4 Bg5 49. Ne2 0-1

[Event "Campionatul National individual  de sen"]
[Site "Olanesti"]
[Date "2013.02.22"]
[Round "9.25"]
[White "Lupascu, Matei Alexandru"]
[Black "Baciu, Stefan"]
[Result "1-0"]
[WhiteElo "2004"]
[BlackElo "2243"]
[PlyCount "187"]
[EventDate "2013.02.16"]
[EventRounds "9"]

1. d4 d5 2. c4 e6 3. Nf3 Nf6 4. Nc3 Be7 5. Bg5 h6 6. Bh4 O-O 7. e3 b6 8. cxd5
Nxd5 9. Bxe7 Qxe7 10. Bd3 Nxc3 11. bxc3 Bb7 12. O-O Nd7 13. Qe2 e5 14. Bb5 e4
15. Nd2 a6 16. Ba4 b5 17. Bc2 c5 18. Rab1 Rac8 19. c4 cxd4 20. exd4 Nf6 21. c5
Qd7 22. Nb3 Rfe8 23. Rfe1 Nd5 24. Qd2 Qg4 25. h3 Qh4 26. a4 Nf4 27. Qe3 Nd5 28.
Qd2 Re6 29. Na5 Ba8 30. c6 bxa4 31. g3 Qxh3 32. Bxe4 Qh5 33. Kg2 Nf6 34. Bf3
Rxe1 35. Bxh5 Rxb1 36. Qa2 Nxh5 37. Qxb1 Bxc6+ 38. Nxc6 Rxc6 39. d5 Rc5 40. d6
Nf6 41. Qb7 a3 42. d7 Nxd7 43. Qxd7 g6 44. Qa4 a5 45. Qxa3 Rf5 46. Qa4 h5 47.
Qd4 Rb5 48. f3 Rf5 49. Qc4 Rf6 50. g4 hxg4 51. fxg4 Re6 52. Qc5 a4 53. Kf3 Rf6+
54. Ke4 Rf1 55. Qb5 Re1+ 56. Kf4 a3 57. Qc5 Rf1+ 58. Kg5 Kg7 59. Qxa3 f6+ 60.
Kh4 g5+ 61. Kg3 Rf4 62. Qe7+ Kg8 63. Qd7 Kf8 64. Qe6 Kg7 65. Qe8 Rf1 66. Qe7+
Kg8 67. Qd8+ Kg7 68. Qd7+ Kf8 69. Qc8+ Kg7 70. Qe6 Rf4 71. Qc8 Kf7 72. Qh8 Ke7
73. Qg8 Kd6 74. Qe8 Kd5 75. Qd7+ Ke5 76. Qe7+ Kd5 77. Kh3 Rf3+ 78. Kg2 Rf4 79.
Kg3 Kd4 80. Qe6 Kd3 81. Qd5+ Ke3 82. Qb3+ Kd4 83. Qb5 Ke3 84. Qd5 Ke2 85. Qb3
Kd2 86. Qa3 Ke2 87. Qc3 Kd1 88. Qe3 Rf1 89. Qd3+ Ke1 90. Kg2 Rf2+ 91. Kg3 Rf1
92. Qc2 Rg1+ 93. Kf3 Rf1+ 94. Ke3 1-0

[Event "Campionatul National individual  de sen"]
[Site "Olanesti"]
[Date "2013.02.21"]
[Round "7.26"]
[White "Lupascu, Matei Alexandru"]
[Black "Pessi, Emil George"]
[Result "1-0"]
[WhiteElo "2004"]
[BlackElo "2160"]
[PlyCount "101"]
[EventDate "2013.02.16"]
[EventRounds "9"]

1. d4 Nf6 2. c4 g6 3. Nc3 d5 4. Nf3 Bg7 5. Bf4 O-O 6. e3 c6 7. Bd3 dxc4 8. Bxc4
Bf5 9. O-O h6 10. Re1 Ne4 11. Ne5 Nd7 12. Nd3 Nb6 13. Bb3 Nxc3 14. bxc3 Nd5 15.
Rc1 Bxd3 16. Bxd5 Qxd5 17. Qxd3 e5 18. Bg3 exd4 19. cxd4 Qxa2 20. e4 Rad8 21.
e5 Qe6 22. Qe3 Rd5 23. Rcd1 a5 24. f4 Rfd8 25. Bf2 Bf8 26. Qf3 Bb4 27. Rc1 Qd7
28. g4 Rxd4 29. Bxd4 Qxd4+ 30. Kg2 Qd2+ 31. Qf2 Rd4 32. Qxd2 Rxd2+ 33. Kf3 c5
34. f5 Rd5 35. Ke4 Rd4+ 36. Kf3 b5 37. Ra1 gxf5 38. gxf5 Bc3 39. Rg1+ Kf8 40.
Ra3 Rd3+ 41. Ke4 Rd4+ 42. Kf3 Bd2 43. Ke2 c4 44. f6 a4 45. Rb1 Rd5 46. Rd1 c3
47. Rxc3 Bxc3 48. Rxd5 Ke8 49. Rxb5 a3 50. Rb8+ Kd7 {indescifrabil(65 mutari)}
51. Ra8 1-0

[Event "Campionatul National individual  de sen"]
[Site "Olanesti"]
[Date "2013.02.18"]
[Round "4.37"]
[White "Albescu, Nicolae"]
[Black "Lupascu, Matei Alexandru"]
[Result "0-1"]
[WhiteElo "1828"]
[BlackElo "2004"]
[PlyCount "58"]
[EventDate "2013.02.16"]
[EventRounds "9"]

1. e4 c5 2. Ne2 e6 3. Nbc3 Nc6 4. g3 g6 5. Bg2 Bg7 6. d3 Nge7 7. Be3 Nd4 8. Qd2
d6 9. O-O O-O 10. Nd1 Rb8 11. c3 Nxe2+ 12. Qxe2 Nc6 13. f4 Qc7 14. g4 f5 15.
gxf5 exf5 16. Nf2 b5 17. exf5 Bxf5 18. Qf3 Bd7 19. Qd5+ Kh8 20. Ne4 Rbe8 21.
Bd2 Re6 22. Bh3 Ne7 23. Qg5 Rxe4 24. Bxd7 Re2 25. Rae1 Rxd2 26. Qxe7 Rxb2 27.
Re6 Qb7 28. Rxg6 Rg8 29. Qe6 Bd4+ 0-1

[Event "Campionatul National individual  de sen"]
[Site "Olanesti"]
[Date "2013.02.16"]
[Round "1.10"]
[White "Lupascu, Matei Alexandru"]
[Black "Baratosi, Daniel"]
[Result "1-0"]
[WhiteElo "2004"]
[BlackElo "2424"]
[PlyCount "101"]
[EventDate "2013.02.16"]
[EventRounds "9"]

1. d4 Nf6 2. c4 c5 3. d5 e6 4. Nc3 exd5 5. cxd5 d6 6. e4 g6 7. f4 Bg7 8. Bb5+
Nfd7 9. a4 O-O 10. Nf3 Na6 11. O-O Nb4 12. Re1 a6 13. Bf1 Re8 14. Be3 Nf6 15.
Bf2 Ng4 16. Bg3 Bd4+ 17. Nxd4 cxd4 18. Qxd4 Nc2 19. Qd2 Nxa1 20. Rxa1 f5 21. h3
Qb6+ 22. Kh1 Qe3 23. Qe1 Qxe1 24. Rxe1 Nf6 25. e5 Nh5 26. Bh2 b6 27. Be2 Bb7
28. Bxh5 gxh5 29. Bg1 b5 30. axb5 axb5 31. Nxb5 Re7 32. Nxd6 Bxd5 33. Nxf5 Rb7
34. e6 Re8 35. Re5 Rxe6 36. Rxd5 Rxb2 37. Bc5 Ree2 38. Rd8+ Kf7 39. Rf8+ Kg6
40. Nh4+ Kg7 41. Nf5+ Kg6 42. Bd4 Rb1+ 43. Kh2 Re6 44. Nh4+ Kh6 45. Rg8 Rh1+
46. Kxh1 Re1+ 47. Kh2 Rh1+ 48. Kg3 Rxh3+ 49. Kf2 Rf3+ 50. Nxf3 h4 51. Rg6+ 1-0

[Event "CNJ Echipe 2012 - B18"]
[Site "Constanta-Mamaia"]
[Date "2012.09.07"]
[Round "7.1"]
[White "Lupascu, Matei Alexandru"]
[Black "Muresan, Cristian-Nicu"]
[Result "1-0"]
[WhiteElo "2022"]
[BlackElo "1706"]
[PlyCount "75"]
[EventDate "2012.09.03"]

1. d4 d5 2. c4 c6 3. Nc3 Nf6 4. Nf3 a6 5. cxd5 cxd5 6. Bf4 b5 7. e3 Bf5 8. Bd3
Bg6 9. O-O e6 10. Rc1 Bd6 11. Bxd6 Qxd6 12. Re1 Nbd7 13. Ne2 O-O 14. Nf4 Rac8
15. Nxg6 hxg6 16. Qd2 Nb6 17. Rxc8 Rxc8 18. Rc1 Rxc1+ 19. Qxc1 Nfd7 20. g3 Kf8
21. h4 Ke7 22. Kg2 Kd8 23. Qc2 Qc7 24. Qxc7+ Kxc7 25. Ng5 Kd6 26. Nxf7+ Ke7 27.
Nh8 g5 28. hxg5 e5 29. dxe5 Nxe5 30. Ng6+ Nxg6 31. Bxg6 Na4 32. b4 Nc3 33. a3
Na4 34. Bf5 Nb6 35. Kf3 Nc4 36. Bc8 Nxa3 37. Bxa6 Nc4 38. Bxb5 1-0

[Event "CNJ Echipe 2012 - O18"]
[Site "Constanta-Mamaia"]
[Date "2012.09.06"]
[Round "6.3"]
[White "Dicu, Razvan Stefan"]
[Black "Lupascu, Matei Alexandru"]
[Result "1/2-1/2"]
[WhiteElo "2227"]
[BlackElo "2022"]
[PlyCount "66"]
[EventDate "2012.09.03"]

1. e4 c5 2. Nf3 e6 3. b3 d6 4. Bb2 Nf6 5. e5 dxe5 6. Nxe5 Be7 7. Be2 Nbd7 8. f4
O-O 9. O-O Qc7 10. Bf3 Nd5 11. g3 Rd8 12. Qe2 Bf6 13. a4 Nf8 14. Na3 Bd7 15.
Nac4 Nb4 16. d3 Nc6 17. Qg2 Rac8 18. Rae1 Be8 19. Rf2 b6 20. Nxc6 Bxc6 21. Bxf6
gxf6 22. Bxc6 Qxc6 23. Qh3 Qd7 24. Ne3 f5 25. Nc4 Ng6 26. Ne5 Nxe5 27. fxe5 Qd4
28. Qh6 Qg4 29. Qe3 Kh8 30. Qf3 Qxf3 31. Rxf3 Rc7 32. Kf2 Rcd7 33. Rf4 Rd4
1/2-1/2

[Event "CNJ Echipe 2012 - O18"]
[Site "Constanta-Mamaia"]
[Date "2012.09.05"]
[Round "4.3"]
[White "Lupascu, Matei Alexandru"]
[Black "Ivan, Cosmin"]
[Result "1-0"]
[WhiteElo "2022"]
[BlackElo "1662"]
[PlyCount "59"]
[EventDate "2012.09.03"]

1. d4 Nf6 2. c4 e5 3. dxe5 Ng4 4. Nf3 Nc6 5. Nc3 Ngxe5 6. Nxe5 Nxe5 7. e3 d6 8.
Be2 Be6 9. b3 Qg5 10. O-O Qh4 11. Bb2 O-O-O 12. Nb5 a6 13. Nd4 Bd7 14. a4 c5
15. Nf3 Qe7 16. a5 g5 17. b4 Bg7 18. Nxe5 dxe5 19. Qb3 cxb4 20. c5 Bc6 21. Qxb4
f5 22. Rab1 Rd5 23. Ba3 Qc7 24. Bc4 Rdd8 25. Be6+ Bd7 26. Bxd7+ Rxd7 27. c6
bxc6 28. Qc4 Qxa5 29. Qxc6+ Rc7 30. Qe6+ 1-0

[Event "CNJ Echipe 2012 - O18"]
[Site "Constanta-Mamaia"]
[Date "2012.09.04"]
[Round "3.1"]
[White "Dobre, Mihai"]
[Black "Lupascu, Matei Alexandru"]
[Result "1-0"]
[WhiteElo "1986"]
[BlackElo "2022"]
[PlyCount "49"]
[EventDate "2012.09.03"]

1. e4 c5 2. Nf3 e6 3. d4 cxd4 4. Nxd4 a6 5. Bd3 Qc7 6. O-O Nf6 7. Qe2 d6 8. c4
Nbd7 9. b3 Be7 10. Bb2 b6 11. Nd2 Bb7 12. f4 h5 13. Rfe1 h4 14. e5 dxe5 15.
fxe5 Nh5 16. Nxe6 fxe6 17. Bg6+ Kd8 18. Bxh5 Qc5+ 19. Kh1 h3 20. Bf3 hxg2+ 21.
Qxg2 Bxf3 22. Nxf3 Kc7 23. Nd4 Kb8 24. Nxe6 Qb4 25. Nd4 1-0

[Event "CNJ Echipe 2012 - O18"]
[Site "Constanta-Mamaia"]
[Date "2012.09.04"]
[Round "2.2"]
[White "Lupascu, Matei Alexandru"]
[Black "Ciocanaru, Andrei"]
[Result "1-0"]
[WhiteElo "2022"]
[BlackElo "1671"]
[PlyCount "53"]
[EventDate "2012.09.03"]

1. d4 Nf6 2. c4 g6 3. Nc3 Bg7 4. e4 d6 5. h3 O-O 6. Bg5 h6 7. Be3 e5 8. d5 Nbd7
9. Bd3 Nc5 10. Bc2 a5 11. Qd2 Kh7 12. g4 Nfd7 13. Nge2 Nb6 14. b3 a4 15. O-O
Bd7 16. Ng3 Qe7 17. Qe2 Ra7 18. b4 Na6 19. a3 Raa8 20. f3 Rfd8 21. Kg2 Be8 22.
Bd3 Nc8 23. Rac1 c6 24. Rfd1 Nc7 25. Bc2 Bd7 26. c5 dxc5 27. d6 1-0

[Event "CNJ Echipe 2012 - O18"]
[Site "Constanta-Mamaia"]
[Date "2012.09.03"]
[Round "1.2"]
[White "Nanu, Florentin-Gabriel"]
[Black "Lupascu, Matei Alexandru"]
[Result "0-1"]
[WhiteElo "1895"]
[BlackElo "2022"]
[PlyCount "68"]
[EventDate "2012.09.03"]

1. e4 c5 2. Nf3 e6 3. Nc3 Nc6 4. d4 cxd4 5. Nxd4 Nf6 6. Nxc6 bxc6 7. e5 Nd5 8.
Nxd5 cxd5 9. Bd3 Qc7 10. f4 Bb4+ 11. Bd2 Qb6 12. c3 Bc5 13. b4 Be3 14. a4 a6
15. Qe2 Bxd2+ 16. Qxd2 Bb7 17. Qf2 Qc7 18. Qd4 a5 19. b5 Rc8 20. Kd2 Qc5 21. g4
h6 22. Rhb1 g5 23. f5 h5 24. h3 hxg4 25. hxg4 Rh2+ 26. Be2 Qc4 27. Re1 Qb3 28.
Rac1 Rc4 29. Qg1 Rxe2+ 30. Rxe2 d4 31. Rc2 dxc3+ 32. Kd3 Rc5 33. Rxc3 Rd5+ 34.
Ke3 Qxc3+ 0-1

[Event "PAB Romania Open"]
[Site "?"]
[Date "2012.07.27"]
[Round "?"]
[White "Stegariu, Vlad-Ionut"]
[Black "Lupascu, Matei Alexandru"]
[Result "1/2-1/2"]
[WhiteElo "2236"]
[BlackElo "1991"]
[PlyCount "60"]
[EventDate "2012.??.??"]

1. d4 Nf6 2. c4 g6 3. Nc3 Bg7 4. e4 d6 5. Bd3 O-O 6. Nge2 Na6 7. O-O e5 8. d5
Nc5 9. Bc2 a6 10. f3 Rb8 11. Be3 b5 12. b4 Ncd7 13. c5 Qe7 14. c6 Nb6 15. a4
bxa4 16. Bd3 Nh5 17. Nxa4 Nxa4 18. Rxa4 f5 19. Bxa6 Bxa6 20. Rxa6 fxe4 21. fxe4
Rxb4 22. Rxf8+ Qxf8 23. Ra4 Qb8 24. Nc3 Rxa4 25. Qxa4 Qb2 26. Qa8+ Kf7 27. Qa5
Kg8 28. g3 Nf6 29. Qa8+ Kf7 30. Qa5 Kg8 1/2-1/2

[Event "WSCC 2012 Iasi - ROU  O17"]
[Site "Iasi"]
[Date "2012.05.04"]
[Round "7.5"]
[White "Marinescu, Stefan"]
[Black "Lupascu, Matei Alexandru"]
[Result "1/2-1/2"]
[WhiteElo "1980"]
[BlackElo "2006"]
[PlyCount "57"]
[EventDate "2012.04.28"]

1. d4 d6 2. c4 e5 3. dxe5 dxe5 4. Qxd8+ Kxd8 5. Nc3 c6 6. e4 Kc7 7. f4 f6 8.
Nf3 Nd7 9. Be3 Bd6 10. g3 Ne7 11. f5 a5 12. Na4 b6 13. O-O-O Bc5 14. Nxc5 Nxc5
15. Bxc5 bxc5 16. Be2 Ba6 17. Rd2 Rhd8 18. Rhd1 Rxd2 19. Rxd2 Nc8 20. b3 Nd6
21. Bd3 Rd8 22. Bc2 Nf7 23. Rxd8 Kxd8 24. Ne1 Kc7 25. Nd3 Kd6 26. h4 Bc8 27.
Kb2 Nd8 28. Kc3 Bd7 29. Nb2 1/2-1/2

[Event "8th World Schools U17"]
[Site "?"]
[Date "2012.05.02"]
[Round "?"]
[White "Lupascu, Matei Alexandru"]
[Black "Hernandez, Cristian Andres"]
[Result "0-1"]
[WhiteElo "1999"]
[BlackElo "2139"]
[PlyCount "82"]
[EventDate "2012.??.??"]

1. c4 Nf6 2. Nc3 c5 3. g3 g6 4. Bg2 Bg7 5. Nf3 Nc6 6. d3 O-O 7. Bg5 a6 8. Qc1
Rb8 9. h4 d6 10. Bh6 Bxh6 11. Qxh6 Ng4 12. Qd2 h5 13. Ng5 Bd7 14. f3 Nf6 15.
Nge4 Nxe4 16. Nxe4 Qa5 17. Nc3 Kg7 18. g4 Rh8 19. Bh3 hxg4 20. Bxg4 f5 21. Bh3
Rxh4 22. Kf2 Rbh8 23. Bg2 Qd8 24. Nd5 e6 25. Nc3 Rxh1 26. Rxh1 Rxh1 27. Bxh1
Qh4+ 28. Kg1 Ne5 29. f4 Qg3+ 30. Bg2 Ng4 31. e4 Bc6 32. a3 Kh6 33. b4 Kh5 34.
b5 Bd7 35. a4 axb5 36. axb5 Kh4 37. Nd1 Be8 38. b6 Bc6 39. Nf2 Ne3 40. Nh3 Nxg2
41. Qxg2 fxe4 0-1

[Event "WSCC 2012 Iasi - ROU  O17"]
[Site "Iasi"]
[Date "2012.05.01"]
[Round "4.1"]
[White "Lupascu, Matei Alexandru"]
[Black "Emiroglu, Cankut"]
[Result "0-1"]
[WhiteElo "2006"]
[BlackElo "2214"]
[PlyCount "157"]
[EventDate "2012.04.28"]

1. d4 Nf6 2. c4 e6 3. Nf3 b6 4. e3 Bb7 5. Be2 d5 6. O-O Bd6 7. Nc3 O-O 8. Bd2
Nbd7 9. a3 dxc4 10. Bxc4 c5 11. dxc5 Nxc5 12. Nb5 Be7 13. Nbd4 a6 14. a4 Nfe4
15. Bb4 Bd6 16. Ba3 Ng5 17. Be2 Nge4 18. Rc1 Qd7 19. a5 bxa5 20. Nb3 Nxb3 21.
Qxb3 Bd5 22. Bc4 Bxc4 23. Rxc4 Bxa3 24. bxa3 Nd2 25. Nxd2 Qxd2 26. Qc3 Qxc3 27.
Rxc3 Rfc8 28. Rfc1 Rxc3 29. Rxc3 Rb8 30. g3 Kf8 31. Kg2 Rb2 32. Rc5 Rb5 33. Rc3
Ke7 34. Kf3 g6 35. h4 h5 36. Ke4 Rb2 37. f4 Kf6 38. Kf3 Rb5 39. Ke4 Ke7 40.
Rc7+ Kf6 41. Rc3 Kg7 42. Kf3 Kf8 43. Rc8+ Ke7 44. Rc7+ Ke8 45. Rc8+ Ke7 46. Rc3
Kd7 47. Ke4 Kd6 48. Rd3+ Ke7 49. Kf3 e5 50. Rc3 Kd7 51. Rd3+ Ke7 52. Rc3 exf4
53. Kxf4 Kf8 54. Rc8+ Kg7 55. Rc3 Rb1 56. Kf3 Ra1 57. Ke4 a4 58. Kf3 Kf6 59.
Ke4 Ke6 60. Rc6+ Kd7 61. Rc3 Kd6 62. Rd3+ Kc5 63. Rc3+ Kb5 64. Kd5 Rd1+ 65. Ke5
Rb1 66. Kd6 Rb3 67. Rc5+ Kb6 68. Rc6+ Kb7 69. Rc7+ Kb8 70. Rxf7 Rxe3 71. Kc6
Rc3+ 72. Kb6 Kc8 73. Rf6 Rxg3 74. Kxa6 Rg4 75. Kb6 Kd7 76. Kc5 Ke7 77. Ra6 Kf7
78. Kd5 Rxh4 79. Ke5 0-1

[Event "WSCC 2012 Iasi - ROU  O17"]
[Site "Iasi"]
[Date "2012.04.30"]
[Round "3.4"]
[White "Volkov, Igor"]
[Black "Lupascu, Matei Alexandru"]
[Result "0-1"]
[WhiteElo "2018"]
[BlackElo "2006"]
[PlyCount "56"]
[EventDate "2012.04.28"]

1. d4 Nf6 2. c4 g6 3. Nc3 Bg7 4. e4 d6 5. f4 O-O 6. Nf3 Na6 7. Be2 e5 8. fxe5
dxe5 9. d5 Nc5 10. Qc2 Nfxe4 11. Nxe4 Bf5 12. Bd3 Bxe4 13. Bxe4 f5 14. Bxf5
gxf5 15. O-O e4 16. Be3 Qe7 17. Ng5 h6 18. Nh3 Nd3 19. Nf4 Nxf4 20. Bxf4 Kh7
21. Kh1 Be5 22. Rae1 Rf6 23. g4 Bxf4 24. Rxf4 Qe5 25. Rfxe4 fxe4 26. Rxe4 Rf1+
27. Kg2 Rf2+ 28. Kxf2 Qxh2+ 0-1

[Event "WSCC 2012 Iasi - ROU  O17"]
[Site "Iasi"]
[Date "2012.04.29"]
[Round "2.4"]
[White "Lupascu, Matei Alexandru"]
[Black "Talipov, Nafis"]
[Result "1/2-1/2"]
[WhiteElo "2006"]
[BlackElo "2155"]
[PlyCount "69"]
[EventDate "2012.04.28"]

1. d4 d6 2. c4 e5 3. Nf3 Nd7 4. Nc3 Ngf6 5. e4 Be7 6. Be2 O-O 7. O-O c6 8. Rb1
a5 9. b3 Qc7 10. d5 Ne8 11. a3 g6 12. Bh6 Ng7 13. Ng5 Nf6 14. b4 Nfe8 15. Bg4
Nf6 16. Bxc8 Raxc8 17. Rc1 Kh8 18. Qd3 c5 19. Nb5 Qd7 20. bxa5 Ng8 21. Bxg7+
Kxg7 22. Nf3 f5 23. Rb1 fxe4 24. Qxe4 Rf4 25. Qe2 Qg4 26. Rfe1 h5 27. Nd2 Qd7
28. Ne4 Nf6 29. Nxf6 Bxf6 30. Nc3 Ra8 31. Rb5 Bd8 32. Reb1 Rf7 33. Ne4 Rxa5 34.
R5b3 b6 35. Rg3 1/2-1/2

[Event "CN Juniori 2012 B16"]
[Site "Calimanesti-Caciulata"]
[Date "2012.04.08"]
[Round "9.3"]
[White "Lupascu, Matei Alexandru"]
[Black "Manole, Stefan"]
[Result "1/2-1/2"]
[WhiteElo "2006"]
[BlackElo "2087"]
[PlyCount "36"]
[EventDate "2012.??.??"]

1. d4 d5 2. c4 c6 3. e3 Nf6 4. Nc3 a6 5. Nf3 b5 6. c5 Bg4 7. h3 Bxf3 8. Qxf3
Qc7 9. Bd3 e5 10. Bc2 e4 11. Qd1 g6 12. Bd2 Be7 13. Ne2 a5 14. Nf4 Nfd7 15. h4
Nf8 16. Qg4 Qd7 17. Qxd7+ Kxd7 18. O-O-O Ne6 1/2-1/2